000 00749nam a2200253Ia 4500
003 OSt
005 20220918221656.0
006 a|||||r|||| 00| 0
007 ta
008 220917b |||||||| |||| 00| 0 eng d
024 _a202,455
037 _cTextual
040 _aARTS
_cARTS
_beng
041 _2eng
_aeng
082 _aS56:(X:8), N8
100 _aJex Steve M.
_9141178
245 0 _aStress and job performance
_b Theory, research, and implications for managerial practice
260 _aNew Delhi
_bSaga publications
_c1998
300 _axiv, 129 p
_ccm.
490 _aAdvanced topics in organizational behavior
650 _aPSYCHOLOGY
942 _hS56:(X:8), N8
_cTEXL
_2CC
999 _c273333
_d273333